000 00940nem a2200241 a 4500
001 000556615
003 AM-YeHGA
005 20250617140217.0
007 aj canzn
008 071107s |||||| a || | o rus d
034 1 _aa
_b5000000
040 _aAM-YeHGA
041 0 _arus
245 0 0 _aКитай /
_h[карты] :
_cГл. Упр. Геодезии и Картографии при СНК СССР; Отв. ред.: Л.Б Ляпидус.
255 _aМасштаб 1:5 000 000
_bПроекция равнопромежуточная коническая
260 _aБ. м. :
_bБ. и.
300 _a1 к. (2 л.) :
_bцв.
650 1 4 _aКартографические произведения
651 4 _aКитай
_vКарта
700 1 _aЛяпидус, Л.Б
_eред.
_4edt
710 2 _aГлавное Управление Геодезии и Картографии при СНК СССР
090 _c217230
999 _c215709
_d215709